Impact of glycaemic index of high carbohydrate diets on exercise energy metabolism and capacity and fasting concentration of plasma lipids in healthy physically active individuals /
Saved in:
| Main Author: | |
|---|---|
| Format: | Thesis Book |
| Language: | English |
| Published: |
2010.
|
| Subjects: | |
| Tags: |
Add Tag
No Tags, Be the first to tag this record!
|
| LEADER | 01046cam a2200253 a 4500 | ||
|---|---|---|---|
| 001 | u833543 | ||
| 003 | SIRSI | ||
| 005 | 201107191503 | ||
| 008 | 110719s2010 enka v 000 0 eng m | ||
| 040 | |a UMM | ||
| 090 | |a RM222.2 |b Sarhh | ||
| 100 | 0 | |a Sareena Hanim Hamzah. | |
| 245 | 1 | 0 | |a Impact of glycaemic index of high carbohydrate diets on exercise energy metabolism and capacity and fasting concentration of plasma lipids in healthy physically active individuals / |c Sareena Hanim Hamzah. |
| 260 | |c 2010. | ||
| 300 | |a 241 leaves : |b ill. ; |c 30 cm. | ||
| 502 | |a Thesis (Ph.D) -- Division of Developmental Medicine, College of Medical, Veterinary and Life Sciences, University of Glasgow, 2010. | ||
| 504 | |a Bibliography: leaves 183-220. | ||
| 650 | 0 | |a Glycemic index. | |
| 650 | 0 | |a Blood lipids. | |
| 650 | 0 | |a High-carbohydrate diet. | |
| 710 | 2 | 0 | |a University of Glasgow. |b School of Medicine. |
| 900 | |a ZA | ||
| 596 | |a 1 | ||
| 999 | |a RM222.2 SARHH |w LC |c 1 |i A514716148 |d 22/10/2015 |e 22/10/2015 |f 5/1/2012 |g 1 |l STACKS |m P01UTAMA |n 1 |r Y |s Y |t TESIS |u 4/1/2012 | ||
